| 000 | 00637nam a2200193 a 4500 | ||
|---|---|---|---|
| 001 | 2344 | ||
| 003 | CO-ViMGA | ||
| 008 | 141112s2004 ck r 000 u spa d | ||
| 040 |
_aCO-ViMGA _bspa _cCO-ViMGA |
||
| 082 | 0 | 4 | _a616.8915 T371f |
| 245 | 1 | 0 |
_aTerapia de familia : _bla primera entrevista / _cStierlin Helm y otros |
| 250 | _a2a | ||
| 260 |
_aBarcelona : _bGedisa, _c1995 |
||
| 300 | _a316 p | ||
| 490 | _aPsicoteca mayor | ||
| 505 | _aPorque tiene sentido hablar con toda la familia 21 - - La conversación familiar 169 - - Los tets familiares Rorschach y TAT 263 | ||
| 650 | 1 | 4 |
_aPSICOTERAPIA FAMILIAR _97468 |
| 942 |
_2ddc _cBK |
||
| 999 |
_c14443 _d14443 |
||